00534 2200169 4500001002100000005001500021035002000036008004100056245006100097100002900158260003300187300002400220084002000244082001000264650007000274990002000344INLIS00000000000305720241216104343 a0010-1224000589241216 0 ind 1 aPenyakit Tanaman Pangan dan Pembasmiannya /cRismunandar aRismunandar, Rismunandar aBandung :bSinar Baru,c1981 a94 hlm. ;c15x21 cm a632.3 RIS P C.1 a632.3 4aPenyakit pada Tanaman Pertanian, Penyakit pada Tumbuhan Pertanian a850611300005521